00760nam a22001937a 4500999001900000005001700019010001500036020003000051035001400081037001300095082001400108245006700122260004900189270008000238300005900318700002300377942002800400952013800428 c177809d17780920210304155354.0 aENG-129149 c499.00a978-93-80828-77-0 aEN-112681 bDBAD/PUB a322.10954 aSecular India Politics of MinorityismcEdited by Rakesh Sinha  aNew DelhibVitasta Publishing Pvt Ltd.c2012 a2/15, Ansari Road, DaryaganjbNew Delhie110002minfo@vitastapublishing.com a250p.c22cm(hbk)bIncluding bibliographcal references aSinha, Rakesh, Ed. 2ddccENh322.10954mSEC 001040708NFICaBL4bBL4d2021-03-04eDBAD/PUBg499.00l5o322.10954 SECpEN-112681r2024-09-23 00:00:00s2024-08-27t1v499.00yEN